<?xml version="1.0" encoding="UTF-8"?>
<record
    xmlns:xsi="http://www.w3.org/2001/XMLSchema-instance"
    xsi:schemaLocation="http://www.loc.gov/MARC21/slim http://www.loc.gov/standards/marcxml/schema/MARC21slim.xsd"
    xmlns="http://www.loc.gov/MARC21/slim">

  <leader>01416nam a2200289 a 4500</leader>
  <controlfield tag="001">BRCA_4262</controlfield>
  <controlfield tag="005">20190320204615.0</controlfield>
  <controlfield tag="008">150610s1948----sp-a######---#000-0#spa-#</controlfield>
  <datafield tag="041" ind1=" " ind2=" ">
    <subfield code="a">spa</subfield>
  </datafield>
  <datafield tag="044" ind1=" " ind2=" ">
    <subfield code="a">sp</subfield>
  </datafield>
  <datafield tag="050" ind1=" " ind2="4">
    <subfield code="a">Z8158</subfield>
    <subfield code="b">.A74 1948</subfield>
  </datafield>
  <datafield tag="100" ind1="1" ind2=" ">
    <subfield code="a">Areny Batlle, Ram&#xF3;n</subfield>
    <subfield code="9">10990</subfield>
  </datafield>
  <datafield tag="245" ind1="1" ind2="0">
    <subfield code="a">Ensayo bibliogr&#xE1;fico de ediciones ilustradas de Don Quijote de la Mancha</subfield>
    <subfield code="b">precedido del cat&#xE1;logo de las que figuraron en la exposici&#xF3;n celebrada en el Palacio de la Paher&#xED;a del 17 al 22 de junio</subfield>
    <subfield code="c">por Ram&#xF3;n Areny Batlle y Domingo Roch Sevina ; nota proemial de Jos&#xE9; Carrera Cejudo.</subfield>
  </datafield>
  <datafield tag="260" ind1=" " ind2=" ">
    <subfield code="a">Lerida, Espa&#xF1;a</subfield>
    <subfield code="b">Leridana</subfield>
    <subfield code="c">1948</subfield>
  </datafield>
  <datafield tag="300" ind1=" " ind2=" ">
    <subfield code="a">xiv, 167 p.</subfield>
    <subfield code="b">il.</subfield>
    <subfield code="c">25 cm.</subfield>
  </datafield>
  <datafield tag="440" ind1=" " ind2="0">
    <subfield code="a">Patronato del VI centenario de Cervantes: comisi&#xF3;n provincial de Lerida</subfield>
    <subfield code="9">10991</subfield>
  </datafield>
  <datafield tag="500" ind1=" " ind2=" ">
    <subfield code="a">Incluye &#xED;ndice de ilustradores y grabadores, &#xED;ndice de l&#xE1;minas y ediciones a que corresponden</subfield>
  </datafield>
  <datafield tag="500" ind1=" " ind2=" ">
    <subfield code="a">Incluye cat&#xE1;logo de las ediciones de Don Quijote de la Mancha que figuraron en la exposici&#xF3;n celebrada en el Palacio de la Paher&#xED;a 17-12 junio, [1948]</subfield>
  </datafield>
  <datafield tag="500" ind1=" " ind2=" ">
    <subfield code="a">Estado f&#xED;sico: Lomo desprendido</subfield>
  </datafield>
  <datafield tag="500" ind1=" " ind2=" ">
    <subfield code="a">AM75</subfield>
  </datafield>
  <datafield tag="600" ind1="1" ind2="4">
    <subfield code="a">Cervantes Saavedra, Miguel de</subfield>
    <subfield code="d">1547-1616</subfield>
    <subfield code="v">Bibliograf&#xED;a</subfield>
    <subfield code="9">7606</subfield>
  </datafield>
  <datafield tag="650" ind1="1" ind2="4">
    <subfield code="a">Literatura espa&#xF1;ola</subfield>
    <subfield code="v">Bibliograf&#xED;a</subfield>
    <subfield code="y">1500-1700</subfield>
    <subfield code="9">10992</subfield>
  </datafield>
  <datafield tag="700" ind1="1" ind2=" ">
    <subfield code="a">Roch Sevina, Domingo</subfield>
    <subfield code="e">Coautor</subfield>
    <subfield code="9">10993</subfield>
  </datafield>
  <datafield tag="700" ind1="1" ind2=" ">
    <subfield code="a">Carrera Cejudo, Jos&#xE9;</subfield>
    <subfield code="e">Prologuista</subfield>
    <subfield code="9">10994</subfield>
  </datafield>
  <datafield tag="902" ind1=" " ind2=" ">
    <subfield code="a">GFM</subfield>
  </datafield>
  <datafield tag="942" ind1=" " ind2=" ">
    <subfield code="2">lcc</subfield>
    <subfield code="c">B</subfield>
  </datafield>
  <datafield tag="999" ind1=" " ind2=" ">
    <subfield code="c">3973</subfield>
    <subfield code="d">3973</subfield>
  </datafield>
  <datafield tag="952" ind1=" " ind2=" ">
    <subfield code="0">0</subfield>
    <subfield code="1">0</subfield>
    <subfield code="4">0</subfield>
    <subfield code="7">0</subfield>
    <subfield code="a">BRCA</subfield>
    <subfield code="b">BRCA</subfield>
    <subfield code="d">2010-06-15</subfield>
    <subfield code="i">AM75</subfield>
    <subfield code="l">0</subfield>
    <subfield code="o">Z8158 .A74 1948 (AM75)</subfield>
    <subfield code="p">4259</subfield>
    <subfield code="r">2019-03-22 00:00:00</subfield>
    <subfield code="w">2019-03-22</subfield>
    <subfield code="y">B</subfield>
  </datafield>
</record>
